书目信息 |
| 题名: |
荒野地游憩生态影响与管理
|
|
| 作者: | 哈米特 , 科尔 , 莫兹 著 ;吴承照 , 彭婉婷 , 张娜 译 | |
| 分册: | ||
| 出版信息: | 北京 科学出版社 2018.09 |
|
| 页数: | xiv, 361页 | |
| 开本: | 26cm | |
| 丛书名: | ||
| 单 册: | ||
| 中图分类: | F590.75 | |
| 科图分类: | ||
| 主题词: | 生态旅游--sheng tai lu^ you--研究 | |
| 电子资源: | ||
| ISBN: | 978-7-03-058735-0 | |
| 000 | 01737nam0 2200361 450 | |
| 001 | 0100010466 | |
| 005 | 20190905093951.0 | |
| 010 | @a978-7-03-058735-0@dCNY98.00 | |
| 100 | @a20190901d2018 em y0chiy50 ea | |
| 101 | 1 | @achi@ceng |
| 102 | @aCN@b110000 | |
| 105 | @aak a 000yy | |
| 106 | @ar | |
| 200 | 1 | @a荒野地游憩生态影响与管理@Ahuang ye di you qi sheng tai ying xiang yu guan li@f(美) William E. Hammitt, David N.Cole, Christopher A. Monz著@g吴承照, 彭婉婷, 张娜译 |
| 210 | @a北京@c科学出版社@d2018.09 | |
| 215 | @axiv, 361页@c图@d26cm | |
| 300 | @a国家社会科学基金重点项目(14AZD107) 国家自然科学基金项目(51278347) | |
| 305 | @a据原书第3版译出 | |
| 312 | @a英文题名取自封面 | |
| 314 | @aHammitt规范汉译姓: 哈米特 Cole规范汉译姓: 科尔 Monz规范汉译姓: 莫兹 | |
| 320 | @a有书目 | |
| 330 | @a本书深入探讨、总结了荒野地游憩影响的发生机理、变化规律、影响测量方法以及监测管理技术途径、国际研究动态等, 是20世纪50年代以来国际游憩生态研究成果的集成, 也是世界国家公园游憩管理技术的集成, 代表了国际同领域的先进水平。本书基于实验与监测的科学研究方法, 深入分析了游憩与自然要素、生态系统的互动关系, 游憩影响的时空变化规律以及生态承载力与游客使用的动态关系, 为保护地和国家公园生态系统管理、游憩管理及设施规划设计提供了科学依据。 | |
| 500 | 10 | @aWildland recreation ecology and management@mChinese |
| 606 | 0 | @a生态旅游@Asheng tai lu^ you@x研究 |
| 690 | @aF590.75@v5 | |
| 701 | 1 | @a哈米特@Aha mi te@g(Hammitt, William E.)@4著 |
| 701 | 1 | @a科尔@Ake er@g(Cole, David N.)@4著 |
| 701 | 1 | @a莫兹@Amo zi@g(Monz, Christopher A.)@4著 |
| 702 | 0 | @a吴承照@Awu cheng zhao@4译 |
| 702 | 0 | @a彭婉婷@Apeng wan ting@4译 |
| 702 | 0 | @a张娜@Azhang na@4译 |
| 801 | 0 | @aCN@c20190905 |
| 905 | @a河南城建学院图书馆@dF590.75@eH023 | |
| 荒野地游憩生态影响与管理/(美) William E. Hammitt, David N.Cole, Christopher A. Monz著/吴承照, 彭婉婷, 张娜译.-北京:科学出版社,2018.09 |
| xiv, 361页:图;26cm |
| 国家社会科学基金重点项目(14AZD107) 国家自然科学基金项目(51278347) |
| ISBN 978-7-03-058735-0:CNY98.00 |
| 本书深入探讨、总结了荒野地游憩影响的发生机理、变化规律、影响测量方法以及监测管理技术途径、国际研究动态等, 是20世纪50年代以来国际游憩生态研究成果的集成, 也是世界国家公园游憩管理技术的集成, 代表了国际同领域的先进水平。本书基于实验与监测的科学研究方法, 深入分析了游憩与自然要素、生态系统的互动关系, 游憩影响的时空变化规律以及生态承载力与游客使用的动态关系, 为保护地和国家公园生态系统管理、游憩管理及设施规划设计提供了科学依据。 |
| ● |
| 相关链接 |
|
|
|
正题名:荒野地游憩生态影响与管理
索取号:F590.75/H023
 
预约/预借
| 序号 | 登录号 | 条形码 | 馆藏地/架位号 | 状态 | 备注 |
| 1 | 1438238 | 214382381 | 社科库409/409社科库 39排4列3层/ [索取号:F590.75/H023] | 在馆 | |
| 2 | 1438239 | 214382390 | 社科库409/409社科库 39排4列3层/ [索取号:F590.75/H023] | 在馆 |